Rice post-havest enginnering and management : ការគ្រប់គ្រងក្រោយការប្រមូលផលស្រូវ (Record no. 10319)

000 -LEADER
fixed length control field 00389nam a22001217a 4500
040 ## - CATALOGING SOURCE
Transcribing agency HS
082 ## - DEWEY DECIMAL CLASSIFICATION NUMBER
Classification number 632
100 ## - MAIN ENTRY--AUTHOR NAME
Personal name សុក គន្ធី
245 ## - TITLE STATEMENT
Title Rice post-havest enginnering and management : ការគ្រប់គ្រងក្រោយការប្រមូលផលស្រូវ
260 ## - PUBLICATION, DISTRIBUTION, ETC. (IMPRINT)
Place of publication RUA
Name of publisher សុក គន្ធី
Year of publication 2007
300 ## - PHYSICAL DESCRIPTION
Number of Pages NA
942 ## - ADDED ENTRY ELEMENTS (KOHA)
Koha item type សៀវភៅភាសាខ្មែរ
952 ## - LOCATION AND ITEM INFORMATION (KOHA)
Withdrawn status [LOCAL, KOHA] 0
952 ## - LOCATION AND ITEM INFORMATION (KOHA)
Withdrawn status [LOCAL, KOHA] 0
952 ## - LOCATION AND ITEM INFORMATION (KOHA)
Withdrawn status [LOCAL, KOHA] 0
Holdings
Permanent Location Date acquired Koha item type Lost status Shelving location Barcode Current Location Full call number
Library Block C2016-10-14សៀវភៅភាសាខ្មែរ C243RUA042726Library Block C632 សុក 2007 C243
Library Block C2016-10-14សៀវភៅភាសាខ្មែរ C243RUA043600Library Block C632 សុក 2007 C243
Library Block C2016-10-14សៀវភៅភាសាខ្មែរ C243RUA042966Library Block C632 សុក 2007 C243
មជ្ឈមណ្ឌលឯការនៃសាកលវិទ្យាល័យភូមិន្ទកសិកម្មចំការដូង

Powered by Koha